La Presa de Almonacid de la Cuba : del mundo romano a la ilustración en la cuenca del Río Aguasvivas /

Detalles Bibliográficos
Autor principal: Arenillas Parra, Miguel (Autor)
Formato: Electrónico eBook
Lenguaje:español
Publicado: Aranjuez (Madrid) : Ediciones Doce Calles, [2001]
Materias:
Acceso en línea:Digitalia Hispánica

MARC

LEADER 00000nam a2200000Ii 4500
001 DIGDOCEC0227
003 NyNyDIG
006 m o d
007 cr |||||||||||
008 241203s2001 sp ab ob 000 0 spa d
035 |a (OCoLC)1482398127 
040 |a DGITA  |b eng  |e rda  |e pn  |c DGITA 
020 |z 9788487111822 
043 |a e-sp--- 
050 1 4 |a TD395 ebook 
245 0 3 |a La Presa de Almonacid de la Cuba :  |b del mundo romano a la ilustración en la cuenca del Río Aguasvivas /  |c Miguel Arenillas Parra [and 7 others]. 
264 1 |a Aranjuez (Madrid) :  |b Ediciones Doce Calles,  |c [2001] 
300 |a 1 online resource :  |b illustrations, maps. 
336 |a text  |b txt  |2 rdacontent 
337 |a computer  |b c  |2 rdamedia 
338 |a online resource  |b cr  |2 rdacarrier 
347 |a text file  |2 rdaft 
347 |b PDF 
504 |a Includes bibliographical references. 
588 0 |a Online resource; title from PDF title page (Digitalia, viewed December 3, 2024) 
650 0 |a Reservoirs  |z Spain  |z Almonacid de la Cuba  |x History. 
650 0 |a Hydraulic structures  |z Spain  |z Aragon. 
700 1 |a Arenillas Parra, Miguel,  |e author. 
791 2 |a Digitalia (Firm),  |e distributor. 
793 0 |g Digitalia eBook Collection:  |a Ediciones Doce Calles 
776 0 8 |i Print version:  |t Presa de Almonacid de la Cuba.  |b 2a edición revisada.  |d Aranjuez (Madrid) : Ediciones Doce Calles, [2001]  |z 9788487111823 
856 4 0 |3 Digitalia Hispánica  |u https://www.digitaliapublishing.com/a/170012/ 
910 |a Premium collection: 2024